[Event "European Rapid 2014"]
[Site "Wroclaw POL"]
[Date "2014.12.21"]
[Round "11.46"]
[White "Dmochowska, Agnieszka"]
[Black "Meskovs, Nikita"]
[Result "0-1"]
[WhiteTitle "WCM"]
[BlackTitle "FM"]
[WhiteElo "1916"]
[BlackElo "2452"]
[WhiteFideId "1142984"]
[BlackFideId "11602740"]
[EventDate "2014.12.20"]

1. e4 c5 2. c3 Nf6 3. e5 Nd5 4. d4 cxd4 5. Nf3 e6 6. cxd4 b6 7. Nc3 Nxc3 8. bxc3
Qc7 9. Bd2 d6 10. Bd3 Nd7 11. exd6 Bxd6 12. O-O Bb7 13. h3 O-O 14. Re1 Rac8 15.
Rc1 Bf4 16. Bxf4 Qxf4 17. Ne5 Nxe5 18. Rxe5 Rfd8 19. Re1 Bd5 20. c4 Bb7 21. d5
exd5 22. cxd5 Rxc1 23. Qxc1 Qxc1 24. Rxc1 Bxd5 25. Rc7 a5 26. a4 g5 27. Bb5 Rd6
28. Rc3 Kf8 29. f3 h5 30. Kf2 Be6 31. Rc7 Kg7 32. Ke3 Bd5 33. Bc4 Rc6 34. Rxc6
Bxc6 35. Bb3 h4 36. Kd4 Kf6 37. Bc2 Ke7 38. Ke5 f6+ 39. Kf5 Bd7+ 40. Ke4 Ke6 41.
Bb3+ Kd6 42. f4 f5+ 43. Ke3 g4 44. hxg4 fxg4 45. Bd1 g3 46. Kf3 Bf5 47. Bb3 Kc5
48. Bd1 b5 49. axb5 Kxb5 50. Ke3 a4 51. Kd4 a3 52. Bb3 h3 0-1

[Event "European Rapid 2014"]
[Site "Wroclaw POL"]
[Date "2014.12.21"]
[Round "11.47"]
[White "Bologan, Viktor"]
[Black "Lewtak, Dominik"]
[Result "1-0"]
[WhiteTitle "GM"]
[WhiteElo "2643"]
[BlackElo "2066"]
[WhiteFideId "13900048"]
[BlackFideId "1112570"]
[EventDate "2014.12.20"]

1. d4 d5 2. c4 c6 3. Nf3 Nf6 4. Qb3 e6 5. Bg5 Nbd7 6. e3 Be7 7. Nbd2 O-O 8. Bd3
Re8 9. O-O h6 10. Bh4 b6 11. cxd5 cxd5 12. Rfc1 Bb7 13. Bg3 Rc8 14. Ne5 Nxe5 15.
Bxe5 Bd6 16. Rxc8 Bxc8 17. Rc1 Bxe5 18. dxe5 Nd7 19. Bb5 Nc5 20. Rxc5 bxc5 21.
Bxe8 Qxe8 22. Qb8 Qd7 23. Nb3 c4 24. Nc5 Qc6 25. Qxa7 Qb5 26. Qa3 g6 27. h3 Kg7
28. b4 Bb7 29. Qc3 Qc6 30. f3 Bc8 31. a4 Qc7 32. Kf2 Qd8 33. Qd4 Qb6 34. Qc3 Qd8
35. g3 Qg5 36. a5 Qf5 37. g4 Qb1 38. e4 Qa2+ 39. Ke3 Qb1 40. exd5 Qg1+ 41. Ke4
Qf1 42. d6 Qe2+ 43. Kd4 Qd1+ 44. Ke3 Qg1+ 45. Kd2 Qf2+ 46. Kc1 Qf1+ 47. Kb2 Qe2+
48. Ka3 Qd1 49. b5 Qb1 50. b6 Qb5 51. Qb4 Qc6 52. Qxc4 Ba6 53. Nxe6+ 1-0

[Event "European Rapid 2014"]
[Site "Wroclaw POL"]
[Date "2014.12.21"]
[Round "11.48"]
[White "Borkowski, Franciszek"]
[Black "Socko, Bartosz"]
[Result "0-1"]
[WhiteTitle "IM"]
[BlackTitle "GM"]
[WhiteElo "2322"]
[BlackElo "2617"]
[WhiteFideId "1100173"]
[BlackFideId "1107038"]
[EventDate "2014.12.20"]

1. e4 e6 2. d4 d5 3. Nc3 Bb4 4. e5 Ne7 5. a3 Bxc3+ 6. bxc3 c5 7. a4 Qa5 8. Qd2
Nbc6 9. Nf3 Bd7 10. Bd3 f6 11. O-O cxd4 12. cxd4 Qxd2 13. Bxd2 fxe5 14. dxe5 Rc8
15. Rfe1 O-O 16. Reb1 Rc7 17. a5 h6 18. h3 Be8 19. c4 Bh5 20. cxd5 Nxd5 21. Be4
Bxf3 22. Bxf3 Nxe5 23. Bxd5 exd5 24. Rb5 Rd7 25. Rab1 Rff7 26. Be3 a6 27. Rc5
Nc6 28. Rd1 d4 29. Bc1 Rfe7 30. Kf1 Re5 31. Rxe5 Nxe5 32. Bb2 Nc6 33. Ke2 Kf7
34. Kf3 Rd5 35. Rd3 Ne5+ 0-1

[Event "European Rapid 2014"]
[Site "Wroclaw POL"]
[Date "2014.12.21"]
[Round "11.49"]
[White "Mista, Aleksander"]
[Black "Sotsky, Alexander"]
[Result "1-0"]
[WhiteTitle "GM"]
[BlackTitle "IM"]
[WhiteElo "2614"]
[BlackElo "2377"]
[WhiteFideId "1110381"]
[BlackFideId "4130715"]
[EventDate "2014.12.20"]

1. e4 e6 2. d4 d5 3. Nd2 dxe4 4. Nxe4 Bd7 5. Nf3 Bc6 6. Bd3 Bxe4 7. Bxe4 c6 8.
O-O Nf6 9. Bd3 Bd6 10. Re1 Nbd7 11. c4 O-O 12. Bd2 Re8 13. Bc3 Qc7 14. h3 Rad8
15. Ne5 Bf8 16. Qf3 g6 17. d5 exd5 18. Nxd7 Nxd7 19. cxd5 Ne5 20. Rxe5 Rxe5 21.
Bxe5 Qxe5 22. dxc6 bxc6 23. Bc4 Rd7 24. Qxc6 Qxb2 25. Re1 Qd4 26. Bb3 Bc5 27.
Qf3 Rc7 28. Rd1 Qe5 29. g3 Bb6 30. Kg2 Re7 31. Rd2 Kg7 32. h4 Qf6 33. Qd5 Re5
34. Qb7 Rf5 35. f4 Qa1 36. Rd7 Qg1+ 37. Kh3 Qf1+ 38. Qg2 Qc1 39. Rd1 Qc8 40. Kh2
Qc3 41. Rd7 h5 42. Qb7 Kh6 43. Rxf7 Rxf7 1-0

[Event "European Rapid 2014"]
[Site "Wroclaw POL"]
[Date "2014.12.21"]
[Round "11.50"]
[White "Borsos, Bogdan"]
[Black "Kulaots, Kaido"]
[Result "0-1"]
[WhiteTitle "IM"]
[BlackTitle "GM"]
[WhiteElo "2230"]
[BlackElo "2563"]
[WhiteFideId "14100568"]
[BlackFideId "4500261"]
[EventDate "2014.12.20"]

1. d4 Nf6 2. c4 g6 3. g3 Bg7 4. Bg2 d5 5. Nf3 O-O 6. cxd5 Nxd5 7. O-O Nb6 8. Nc3
Nc6 9. e3 Re8 10. b3 e5 11. dxe5 Nxe5 12. Nxe5 Bxe5 13. Bb2 Qe7 14. Qe2 a5 15.
Rfd1 a4 16. Nd5 Nxd5 17. Rxd5 Bxb2 18. Qxb2 c6 19. Rd4 axb3 20. axb3 Be6 21. b4
Qc7 22. Rxa8 Rxa8 23. b5 Qa5 24. Bf1 c5 25. Rd1 Rd8 26. Rxd8+ Qxd8 27. h4 Qd1
28. Qe2 Qc1 29. Kh2 c4 30. Bg2 c3 31. Qd3 Qd2 32. Be4 Qxd3 33. Bxd3 Bc4 34. Bc2
Bxb5 35. Kg2 Bc4 36. Kf3 b5 37. Ke4 b4 38. Kd4 b3 39. Kxc3 bxc2 40. Kxc2 Kg7 0-1

[Event "European Rapid 2014"]
[Site "Wroclaw POL"]
[Date "2014.12.21"]
[Round "11.51"]
[White "Dourerassou, Jonathan"]
[Black "Jancovic, Peter"]
[Result "0-1"]
[WhiteTitle "IM"]
[WhiteElo "2469"]
[BlackElo "2171"]
[WhiteFideId "628050"]
[BlackFideId "14913321"]
[EventDate "2014.12.20"]

1. e4 c5 2. Nf3 d6 3. g3 g6 4. Bg2 Bg7 5. d4 cxd4 6. Nxd4 Nf6 7. Nc3 O-O 8. O-O
Nbd7 9. Re1 a6 10. Bg5 h6 11. Be3 Qc7 12. Qe2 Kh7 13. Rad1 Nc5 14. h3 Bd7 15.
Nd5 Qd8 16. Bc1 Rc8 17. c3 Re8 18. Nxf6+ Bxf6 19. Nf3 Qc7 20. Qe3 Bg7 21. Qf4
Be6 22. b3 b5 23. Qh4 Rh8 24. Nd4 Rce8 25. g4 Bc8 26. Qg3 Ne6 27. Ne2 Bb7 28.
Qe3 Rc8 29. Bd2 Qc5 30. Qf3 Rhf8 31. Qd3 Ba8 32. Rc1 Qc6 33. Qg3 Nc5 34. Qh4 Nd3
35. Bxh6 Bxh6 36. g5 Nxe1 37. Qxh6+ Kg8 38. Rxe1 Qc5 39. Qh4 Rfd8 40. Rd1 d5 41.
e5 d4 42. e6 fxe6 43. cxd4 Qc2 44. Re1 Qd2 45. f3 Rc2 46. Kh2 Rf8 47. Qh6 Qd3
48. Ng1 Bxf3 49. Nxf3 Rxg2+ 50. Kh1 Rg3 51. Ng1 Rf2 52. Qh4 Rgg2 53. Qxf2 Rxf2
54. Rxe6 0-1

[Event "European Rapid 2014"]
[Site "Wroclaw POL"]
[Date "2014.12.21"]
[Round "11.52"]
[White "Bartel, Marta"]
[Black "Stachowiak, Kamil"]
[Result "0-1"]
[WhiteTitle "WGM"]
[BlackTitle "IM"]
[WhiteElo "2366"]
[BlackElo "2449"]
[WhiteFideId "1123009"]
[BlackFideId "1119966"]
[EventDate "2014.12.20"]

1. d4 Nf6 2. Nf3 c5 3. d5 g6 4. Nc3 d6 5. e4 a6 6. a4 Bg4 7. Be2 Bxf3 8. Bxf3
Bg7 9. O-O O-O 10. h3 Nbd7 11. Bf4 Ne8 12. Be2 b6 13. Bg3 Nc7 14. f4 Rb8 15. Bf3
b5 16. axb5 axb5 17. Qe2 b4 18. Nd1 Nb5 19. e5 Nd4 20. Qe4 Nb6 21. Ne3 f5 22.
exf6 exf6 23. Qd3 f5 24. Bd1 Qd7 25. Nc4 Nxc4 26. Qxc4 Rfe8 27. Ra6 Re4 28. Qa2
Rbe8 29. Rb6 Ne2+ 30. Bxe2 Rxe2 31. Qa6 Qe7 32. Rf3 Bd4+ 33. Kh2 Qe4 34. Rxd6
Qxf3 35. Rxg6+ Kh8 0-1

[Event "European Rapid 2014"]
[Site "Wroclaw POL"]
[Date "2014.12.21"]
[Round "11.53"]
[White "Ladva, Ottomar"]
[Black "Pavlidou, Ekaterini"]
[Result "1/2-1/2"]
[WhiteTitle "FM"]
[BlackTitle "WIM"]
[WhiteElo "2404"]
[BlackElo "2175"]
[WhiteFideId "4500024"]
[BlackFideId "4213262"]
[EventDate "2014.12.20"]

1. b3 d5 2. Bb2 c5 3. e3 Nc6 4. Bb5 Bd7 5. f4 a6 6. Bxc6 Bxc6 7. Nf3 e6 8. O-O
Nf6 9. d3 Be7 10. Ne5 Rc8 11. Rf3 d4 12. Rg3 g6 13. c4 Nh5 14. Rh3 f6 15. Rxh5
fxe5 16. Rxe5 Bf6 17. Rxe6+ Kf7 18. Qg4 Bd7 19. Rxf6+ Kxf6 20. Qg3 Kf7 21. exd4
cxd4 22. Bxd4 Bf5 23. Be5 Re8 24. Qe3 Qxd3 25. Qxd3 Bxd3 26. Nc3 b5 27. Rd1 bxc4
28. bxc4 Red8 29. Kf2 Bxc4 30. Rb1 Rd2+ 31. Kg3 Rcd8 32. Ne4 R2d3+ 33. Kh4 Bd5
34. Re1 Bxe4 35. Rxe4 Rd2 36. Kh3 R8d3+ 37. g3 Ra3 38. Rb4 Raxa2 39. Rb6 Rxh2+
40. Kg4 a5 41. Kg5 a4 42. Rf6+ Ke7 43. Ra6 Rh5+ 44. Kg4 Kd7 45. Kf3 a3 46. Ke4
Rh1 47. Bd4 Re1+ 48. Kd5 Rd1 49. Ra7+ Ke8 50. Rxh7 Rad2 51. Ke6 Kd8 52. Be5 Kc8
53. Rc7+ Kb8 54. Rc3+ Kb7 55. Rxa3 Rd3 56. Rxd3 Rxd3 57. g4 Kc6 58. g5 Rd8 59.
Kf7 Kd5 60. Kxg6 Ke6 61. Bb2 Rd5 62. Bf6 Rb5 63. Be5 Rd5 64. Kh7 Rd7+ 65. Kg6
Rd5 66. Bc3 Rc5 67. Bb2 Rb5 68. Be5 Rd5 69. Bg7 Rb5 70. Bd4 Rd5 71. Be5 Rb5 72.
Bc7 Rc5 73. Bb6 Rb5 74. Bf2 Rd5 75. Bg3 Rb5 76. Bh4 Rd5 77. Kh7 Rd7+ 78. Kg6 Rd5
79. Be1 Rb5 80. Bc3 Rd5 81. Be5 Rb5 82. Kh7 Rb7+ 1/2-1/2

[Event "European Rapid 2014"]
[Site "Wroclaw POL"]
[Date "2014.12.21"]
[Round "11.54"]
[White "Tworzydlo, Piotr"]
[Black "Mihok, Oliver"]
[Result "0-1"]
[BlackTitle "IM"]
[WhiteElo "2133"]
[BlackElo "2464"]
[WhiteFideId "1130781"]
[BlackFideId "728012"]
[EventDate "2014.12.20"]

1. e4 e5 2. Nf3 Nc6 3. Bb5 a6 4. Ba4 Nf6 5. d3 d6 6. c3 Be7 7. O-O O-O 8. Re1 b5
9. Bc2 d5 10. Nbd2 dxe4 11. dxe4 Be6 12. h3 h6 13. a4 Rb8 14. axb5 axb5 15. Bb3
Bxb3 16. Qxb3 Bc5 17. Nf1 Qd3 18. Be3 Nxe4 19. Rad1 Qc4 20. Qc2 f5 21. Bxc5 Qxc5
22. Ne3 Kh8 23. Nxf5 Nxf2 24. Qxf2 Qxf2+ 25. Kxf2 Rxf5 26. Rd5 b4 27. Rc5 bxc3
28. bxc3 Rf6 29. Kg3 Rg6+ 30. Kh2 Rb2 31. Nh4 Rf6 32. Re4 Rd2 33. Nf3 Rxf3 34.
Rxc6 Rff2 35. Rg4 Rf7 36. Re4 Kh7 37. h4 Re7 38. Rc5 Rc2 39. h5 Rf7 40. Kh3 Rf5
41. g4 Rf3+ 0-1

[Event "European Rapid 2014"]
[Site "Wroclaw POL"]
[Date "2014.12.21"]
[Round "11.55"]
[White "Skytte, Rasmus"]
[Black "Cukrowski, Filip"]
[Result "1-0"]
[WhiteTitle "IM"]
[WhiteElo "2424"]
[BlackElo "2196"]
[WhiteFideId "1404210"]
[BlackFideId "1171097"]
[EventDate "2014.12.20"]

1. e4 c5 2. Nc3 d6 3. f4 g6 4. Nf3 Bg7 5. Bc4 e6 6. O-O Nc6 7. d3 Nge7 8. Qe1
O-O 9. f5 d5 10. Bb3 c4 11. f6 Bxf6 12. dxc4 dxc4 13. Bxc4 Ne5 14. Bb3 N7c6 15.
Bh6 Re8 16. Rd1 Qe7 17. Qg3 Bd7 18. Ng5 Rad8 19. Rf4 Bh8 20. Kh1 f6 21. Nd5 exd5
22. Bxd5+ Be6 23. Nxe6 Rxd5 24. exd5 Nb8 25. Rff1 Nbd7 26. Bf4 Rc8 27. c3 Rc4
28. Rfe1 Qd6 29. b3 Rc8 30. c4 b6 31. Nd4 g5 32. Bxe5 Nxe5 33. Nc6 Re8 34. Nxe5
fxe5 35. Qxg5+ Bg7 36. Qf5 Kh8 37. h3 h6 38. Re4 a5 39. Rg4 a4 40. bxa4 Rf8 41.
Qg6 Qd7 42. d6 e4 43. Qxe4 Qxa4 44. Qd5 Rf5 45. Qd3 Qd7 46. Rxg7 1-0

[Event "European Rapid 2014"]
[Site "Wroclaw POL"]
[Date "2014.12.21"]
[Round "11.56"]
[White "Raetsky, Alexander"]
[Black "Kukula, Pawel"]
[Result "0-1"]
[WhiteTitle "GM"]
[WhiteElo "2423"]
[BlackElo "2256"]
[WhiteFideId "4103203"]
[BlackFideId "1115081"]
[EventDate "2014.12.20"]

1. e4 c5 2. Nf3 Nc6 3. d4 cxd4 4. Nxd4 Nf6 5. Nc3 e5 6. Ndb5 d6 7. Bg5 a6 8.
Bxf6 gxf6 9. Na3 b5 10. Nd5 Bg7 11. g3 f5 12. Bg2 O-O 13. c3 Rb8 14. Nc2 fxe4
15. Bxe4 f5 16. Bg2 a5 17. a3 Be6 18. O-O Kh8 19. Qd2 e4 20. Rad1 Ne5 21. f4 Nd3
22. Nce3 Qc8 23. g4 Qb7 24. c4 bxc4 25. Nc3 d5 26. gxf5 Bg8 27. f6 Rxf6 28. Ng4
Rg6 29. Ne5 Bxe5 30. fxe5 Qxb2 31. Kh1 Qxd2 32. Rxd2 Rb3 33. Ne2 Rxa3 34. Rc2
Nxe5 35. Nf4 Rf6 0-1

[Event "European Rapid 2014"]
[Site "Wroclaw POL"]
[Date "2014.12.21"]
[Round "11.57"]
[White "Pultinevicius, Paulius"]
[Black "Janaszak, Dawid"]
[Result "1/2-1/2"]
[BlackTitle "FM"]
[WhiteElo "2093"]
[BlackElo "2363"]
[WhiteFideId "12809390"]
[BlackFideId "1119206"]
[EventDate "2014.12.20"]

1. e4 c5 2. Nc3 e6 3. g3 d5 4. Bg2 dxe4 5. Nxe4 Be7 6. Ne2 Nf6 7. O-O O-O 8. d3
Nc6 9. Be3 Qb6 10. d4 Nd5 11. dxc5 Qxb2 12. Bd2 Qa3 13. c4 Nf6 14. Qb3 Qxb3 15.
axb3 Nxe4 16. Bxe4 Bxc5 17. Rfd1 e5 18. Bc3 Bg4 19. Rd2 Rfd8 20. Raa2 f6 21.
Bd5+ Kf8 22. Nc1 Rd7 23. Nd3 Bb6 24. Be4 Rad8 25. Bxh7 f5 26. Nb4 Nd4 27. Bxd4
Rxd4 28. Rxd4 Rxd4 29. Kg2 e4 30. Nd5 Bf3+ 31. Kh3 Bg4+ 32. Kg2 Kf7 33. Nxb6
Bf3+ 34. Kh3 Rd6 35. Kh4 axb6 36. Bxf5 Kf6 37. g4 g5+ 38. Kg3 Rd1 39. h4 Rg1+
40. Kh3 Rh1+ 41. Kg3 gxh4+ 42. Kf4 Rg1 43. Ra7 h3 44. g5+ Rxg5 45. Bxh3 Rh5 46.
Bc8 Rh8 47. Bd7 1/2-1/2

[Event "European Rapid 2014"]
[Site "Wroclaw POL"]
[Date "2014.12.21"]
[Round "11.58"]
[White "Sieciechowicz, Marcin"]
[Black "Strozyk, Tomasz"]
[Result "1-0"]
[WhiteTitle "IM"]
[WhiteElo "2447"]
[BlackElo "2227"]
[WhiteFideId "1130170"]
[BlackFideId "1103431"]
[EventDate "2014.12.20"]

1. d4 d5 2. c4 c6 3. Nf3 Nf6 4. Nc3 Qb6 5. g3 Bf5 6. c5 Qd8 7. b4 a6 8. Bg2 Nbd7
9. O-O g6 10. Bf4 Bg7 11. a4 O-O 12. Qb3 Ne4 13. Nh4 e5 14. Nxf5 gxf5 15. Nxe4
fxe4 16. dxe5 Nxe5 17. Rad1 Qe7 18. f3 exf3 19. exf3 Rfe8 20. Rfe1 Qf6 21. Qe3
Ng6 22. Qxe8+ Rxe8 23. Rxe8+ Nf8 24. Rb8 a5 25. b5 Qe7 26. Bd6 Qe2 27. Rf1 cxb5
28. Rxb7 Bd4+ 29. Kh1 Ne6 30. c6 bxa4 31. Re7 Qc4 32. c7 Nxc7 33. Rxc7 Qb3 34.
Rc8+ Kg7 35. Bf8+ Kg6 36. f4 a3 37. f5+ Kg5 38. Be7+ Kh6 39. Rg8 Bg7 40. Bd6 a2
41. Bf4+ Kh5 42. Rxg7 Qb1 43. g4+ Kh4 44. Bg3# 1-0

[Event "European Rapid 2014"]
[Site "Wroclaw POL"]
[Date "2014.12.21"]
[Round "11.59"]
[White "Abergel, Thal"]
[Black "Jagodzinski, Piotr"]
[Result "1-0"]
[WhiteTitle "GM"]
[WhiteElo "2400"]
[BlackElo "2254"]
[WhiteFideId "614890"]
[BlackFideId "1136593"]
[EventDate "2014.12.20"]

1. e4 c6 2. Ne2 d5 3. e5 Bf5 4. Ng3 Bg6 5. h4 h6 6. h5 Bh7 7. e6 fxe6 8. d4 Qd6
9. f4 g5 10. hxg6 Bxg6 11. Bd3 Bf7 12. c3 Nf6 13. Be3 Rg8 14. Rh3 h5 15. Qf3
Nbd7 16. Na3 Ng4 17. Bd2 Ndf6 18. O-O-O O-O-O 19. Re1 Qd7 20. Nc2 Kb8 21. Kb1
Ka8 22. Ka1 Nh6 23. Ne3 Nfg4 24. Nxh5 Nxe3 25. Rxe3 Rc8 26. Re1 Ng4 27. Ng3 Nf6
28. Nf1 c5 29. dxc5 Rxc5 30. Be3 Ra5 31. Nd2 Qa4 32. a3 Bg7 33. Bd4 Ne4 34. Nxe4
Bxd4 35. cxd4 dxe4 36. Bxe4 Qxd4 37. Bxb7+ Kb8 38. Qb3 Kc7 39. Rc1+ Kd8 40. Rd3
Qd6 41. Rc8+ Kd7 42. Bc6+ Kxc8 43. Qb7+ 1-0

[Event "European Rapid 2014"]
[Site "Wroclaw POL"]
[Date "2014.12.21"]
[Round "11.60"]
[White "Frink, Ferenc"]
[Black "Licznerski, Lukasz"]
[Result "0-1"]
[WhiteTitle "FM"]
[BlackTitle "FM"]
[WhiteElo "2106"]
[BlackElo "2318"]
[WhiteFideId "704946"]
[BlackFideId "1179250"]
[EventDate "2014.12.20"]

1. e4 c5 2. b4 e5 3. f4 exf4 4. Nf3 b6 5. Bc4 Bb7 6. d3 Be7 7. Bxf4 Nf6 8. O-O
O-O 9. bxc5 bxc5 10. Nc3 d5 11. exd5 Nxd5 12. Nxd5 Bxd5 13. Bxd5 Qxd5 14. c4 Qd7
15. Rb1 Nc6 16. Ne5 Qd4+ 17. Kh1 Nxe5 18. Bxe5 Qxe5 19. Qf3 Bf6 20. Rb7 a6 21.
g3 Rab8 22. Rfb1 Rxb7 23. Rxb7 Qa1+ 24. Kg2 Qxa2+ 25. Kh3 Qa3 26. Qd5 Bd4 27.
Ra7 Qxd3 28. Ra8 Qf1+ 29. Kg4 Qe2+ 30. Kh3 Qe6+ 31. Qxe6 fxe6 32. Rxa6 Re8 33.
Kg4 e5 34. Kf5 e4 0-1

[Event "European Rapid 2014"]
[Site "Wroclaw POL"]
[Date "2014.12.21"]
[Round "11.61"]
[White "Konopka, Michal"]
[Black "Brzezinski, Mateusz"]
[Result "1-0"]
[WhiteTitle "IM"]
[WhiteElo "2418"]
[BlackElo "2125"]
[WhiteFideId "308633"]
[BlackFideId "1177117"]
[EventDate "2014.12.20"]

1. Nf3 d5 2. d4 Nf6 3. c4 c6 4. Qc2 e6 5. Nbd2 Bd6 6. g3 Nbd7 7. Bg2 O-O 8. O-O
Qe7 9. b3 e5 10. dxe5 Nxe5 11. Bb2 dxc4 12. Nxc4 Nxc4 13. Qxc4 Be6 14. Qh4 Bd5
15. Bxf6 Qxf6 16. Qxf6 gxf6 17. Nh4 Bxg2 18. Kxg2 Rfe8 19. Nf5 Bf8 20. Kf3 Re5
21. e4 Rae8 22. Rfe1 Bb4 23. Re2 Rd8 24. Rc1 a5 25. Rcc2 Kf8 26. Kg2 Rd3 27. f3
Re8 28. Re3 Rd1 29. Ree2 Red8 30. Ne3 R1d3 31. Nc4 a4 32. bxa4 Ra8 33. a5 Bxa5
34. Re3 Rxe3 35. Nxe3 Bb4 36. g4 Rd8 37. Nf5 Rd3 38. Rb2 c5 39. Kf2 b6 40. Ke2
Ra3 41. h4 Ba5 42. Nd6 Rc3 43. h5 Rc1 44. Nf5 c4 45. Ne3 Re1+ 46. Kf2 Rc1 47.
Rc2 Rxc2+ 48. Nxc2 Bd2 49. Na3 c3 50. Ke2 Ke7 51. Nc4 Bf4 52. Kd3 b5 53. Nb6 Be5
54. f4 c2 55. Kxc2 Bxf4 56. Nd5+ Kd6 57. Nxf4 Ke5 58. Nd5 Kxe4 59. Nxf6+ Kf4 60.
Nxh7 Kxg4 61. h6 Kh5 62. Ng5 Kxh6 63. Nxf7+ Kg7 64. Nd6 Kf6 65. Nxb5 Ke6 66. Kb3
Kd5 67. Kb4 Kc6 68. Ka5 Kb7 69. a4 Ka8 70. Kb6 Kb8 71. a5 Kc8 72. a6 1-0

[Event "European Rapid 2014"]
[Site "Wroclaw POL"]
[Date "2014.12.21"]
[Round "11.62"]
[White "Nowicki, Bartosz"]
[Black "Matuszewski, Michal"]
[Result "1/2-1/2"]
[BlackTitle "IM"]
[WhiteElo "2018"]
[BlackElo "2459"]
[WhiteFideId "1179730"]
[BlackFideId "1129775"]
[EventDate "2014.12.20"]

1. e4 c5 2. Nf3 d6 3. d4 cxd4 4. Nxd4 Nf6 5. Nc3 a6 6. Bg5 Nbd7 7. f4 Qc7 8. Qf3
b5 9. O-O-O Bb7 10. Nd5 Nxd5 11. exd5 Rc8 12. Bd3 Qc5 13. Be4 Qc4 14. Nb3 Nc5
15. Nxc5 Rxc5 16. Kb1 g6 17. f5 Bg7 18. f6 exf6 19. Bxf6 Bxf6 20. Qxf6 O-O 21.
Qxd6 Re8 22. Bd3 Qxd5 23. Qxd5 Rxd5 24. Rhg1 Kg7 25. g3 h5 26. Rde1 Rde5 27.
Rxe5 Rxe5 28. Kc1 f5 29. Kd2 g5 30. Re1 Kf6 31. Rxe5 Kxe5 32. c4 bxc4 33. Bxc4
h4 34. gxh4 gxh4 35. Ke3 f4+ 36. Kf2 Kd4 37. Be2 a5 38. a3 Kc5 39. b4+ axb4 40.
axb4+ Kxb4 41. Bf3 Bc8 42. Be4 Bg4 43. Bf3 Be6 44. Be4 Kc3 45. Kf3 Kd2 46. Kxf4
Ke2 47. Kg5 h3 48. Kh4 Kf2 49. Bd5 1/2-1/2

[Event "European Rapid 2014"]
[Site "Wroclaw POL"]
[Date "2014.12.21"]
[Round "11.63"]
[White "Kowalczyk, Rafal"]
[Black "Zawadzka, Jolanta"]
[Result "1-0"]
[BlackTitle "WGM"]
[WhiteElo "2180"]
[BlackElo "2419"]
[WhiteFideId "1133853"]
[BlackFideId "1122320"]
[EventDate "2014.12.20"]

1. e4 c5 2. c3 Nf6 3. e5 Nd5 4. d4 cxd4 5. Nf3 d6 6. Qxd4 e6 7. exd6 Nc6 8. Bb5
Qxd6 9. Na3 f6 10. Nc4 Qc5 11. Qxc5 Bxc5 12. Ne3 Ne7 13. a4 Kf7 14. Bc4 Rd8 15.
O-O g5 16. b4 Bd6 17. Rd1 Ng6 18. Ba3 Ke7 19. Re1 Nce5 20. Nd4 Kf7 21. Bb3 Bd7
22. Rad1 Rac8 23. Bb2 Nf4 24. Ba1 a5 25. b5 Ned3 26. g3 Nxe1 27. gxf4 gxf4 28.
Nef5 Be5 29. Rxe1 Rg8+ 30. Kf1 Rg5 31. Nh4 Bxd4 32. Nf3 Rh5 33. Nxd4 Re8 34. Nf3
Ke7 35. Bb2 Rh3 36. Kg2 e5 37. Ba3+ Kd8 38. Rd1 Rh6 39. Bf7 Re7 40. Bxe7+ Kxe7
41. Bd5 Bh3+ 42. Kh1 b6 43. Bc6 Rh5 44. Rg1 Kd6 45. Nd2 f5 46. Nc4+ Ke6 47. Bg2
e4 48. Nxb6 e3 49. fxe3 fxe3 50. Bf3 Rh6 51. Nc4 f4 52. b6 Kd7 53. Rg7+ 1-0

[Event "European Rapid 2014"]
[Site "Wroclaw POL"]
[Date "2014.12.21"]
[Round "11.64"]
[White "Adamowicz, Katarzyna"]
[Black "Butkiewicz, Lukasz"]
[Result "0-1"]
[WhiteTitle "WFM"]
[BlackTitle "IM"]
[WhiteElo "2194"]
[BlackElo "2422"]
[WhiteFideId "1134043"]
[BlackFideId "1122428"]
[EventDate "2014.12.20"]

1. e4 g6 2. d4 Bg7 3. Nc3 c6 4. f4 d5 5. e5 Qb6 6. Na4 Qc7 7. Be3 Nh6 8. Nf3 Bg4
9. Bd3 Nf5 10. Bf2 h5 11. h3 Bxf3 12. Qxf3 h4 13. Bxf5 gxf5 14. g4 hxg3 15. Qxg3
Bh6 16. Be3 Nd7 17. e6 Qa5+ 18. Nc3 Nf6 19. exf7+ Kxf7 20. O-O-O Rag8 21. Qf3 b5
22. Kb1 b4 23. Ne2 Ne4 24. Rhg1 Bg7 25. Nc1 Bf6 26. Nb3 Qd8 27. Nc5 Nxc5 28.
dxc5 Qd7 29. Bf2 a5 30. Qd3 Rxg1 31. Rxg1 Rg8 32. Re1 Rg6 33. Bd4 Bh4 34. Re5 e6
35. c3 bxc3 36. Qxc3 Qb7 37. Re2 a4 38. Qf3 Qb5 39. Bc3 Qxc5 40. Qh5 Qg1+ 41.
Kc2 Be7 42. Re1 Qg3 43. Qh7+ Ke8 44. Qh8+ Kd7 45. Qa8 Qxf4 46. Qa7+ Ke8 47. Qa8+
Kf7 48. Qxc6 d4 49. Ba5 Qh2+ 50. Kb1 Qxh3 51. Qxa4 Qd3+ 52. Ka1 f4 53. Rd1 Qe3
54. Re1 Rg1 55. Qd1 Rxe1 56. Qxe1 Qxe1+ 57. Bxe1 e5 58. Kb1 e4 59. Kc2 Ke6 60.
a4 f3 61. a5 Kd5 62. a6 Kc6 63. b4 Bxb4 64. Bg3 Kb6 65. Kb3 Bf8 66. Kc4 Bg7 0-1

[Event "European Rapid 2014"]
[Site "Wroclaw POL"]
[Date "2014.12.21"]
[Round "11.65"]
[White "Bernotas, Arturs"]
[Black "Watorek, Marcin"]
[Result "1-0"]
[WhiteElo "2272"]
[BlackElo "2110"]
[WhiteFideId "11601426"]
[BlackFideId "1123491"]
[EventDate "2014.12.20"]

1. e4 c5 2. Nf3 d6 3. Bb5+ Bd7 4. Bxd7+ Qxd7 5. O-O Nc6 6. c3 Nf6 7. d4 Nxe4 8.
d5 Nb8 9. Re1 Nf6 10. Bg5 h6 11. Bxf6 gxf6 12. Qd3 Na6 13. Nbd2 O-O-O 14. b4 Kb8
15. b5 Nc7 16. b6 axb6 17. Rab1 b5 18. a4 bxa4 19. Nc4 e6 20. Na5 Nxd5 21. Rxb7+
Qxb7 22. Nxb7 Kxb7 23. Rb1+ Kc7 24. Qa6 Rc8 25. Rb7+ Kd8 26. Rxf7 Be7 27. c4 Nc7
28. Qxa4 Ra8 29. Qd1 Kd7 30. g3 Rhf8 31. Rh7 Rh8 32. Rxh8 Rxh8 33. Qa4+ Kd8 34.
Qc6 Rg8 35. h3 f5 36. Kf1 Rg7 37. Nd2 Bf8 38. Nb3 Rd7 39. Na5 Ke8 40. Qb6 e5 41.
Qb8+ Kf7 42. Qc8 Re7 43. Nc6 Ne6 44. Nxe7 Bxe7 45. Qh8 Bf8 46. Qh7+ Kf6 47. g4
fxg4 48. hxg4 Nf4 49. Qf5+ Ke7 50. Ke1 Ne6 51. Kd2 Nd4 52. Qg6 Ne6 53. Qh7+ Kf6
54. Qf5+ Ke7 55. Kd3 Ng5 56. Qg6 Kd7 57. Qf6 Ke8 58. Ke3 Nf7 59. Ke4 Be7 60. Qf5
Kf8 61. Kd5 Kg7 62. Ke6 1-0